000 00531nam a2200205Ia 4500
003 0100
008 130227s9999 xx 000 0 und d
040 _cARRUPELIB
050 _aJA79.P39
245 _aPersonal values in public policy
245 _bessays and conversations in government decision making
260 _aNew York
260 _bPaulist Press
260 _C1979
300 _a275p.
300 _b 23 cm
650 _bBruges (Belgium) - Pictorial works
700 _aHaughey, John C. (ed.)
942 _2lcc
_01
999 _c4650
_d4650